The valuation of billboard structures (Record no. 61867)

MARC details
000 -LEADER
fixed length control field 00812cam a2200277 4500
001 - CONTROL NUMBER
control field ABS61614
008 - FIXED-LENGTH DATA ELEMENTS--GENERAL INFORMATION
fixed length control field 000000n1999 000 0 eng u
035 ## - SYSTEM CONTROL NUMBER
System control number (Sirsi) u102968
100 ## - MAIN ENTRY--PERSONAL NAME
Personal name Nation, R.L.
245 #4 - TITLE STATEMENT
Title The valuation of billboard structures
260 ## - PUBLICATION, DISTRIBUTION, ETC.
Date of publication, distribution, etc. 1999
490 ## - SERIES STATEMENT
Series statement Appraisal Journal
Volume/sequential designation 67(4) October 1999, 412-421(10)
520 ## - SUMMARY, ETC.
Summary, etc. A US-based look at the problems associated with valuing advertising hoardings, and the appraisal methods which can be used.
590 ## - LOCAL NOTE (RLIN)
Local note ABS
650 ## - SUBJECT ADDED ENTRY--TOPICAL TERM
Topical term or geographic name entry element ADVERTISING HOARDINGS
650 ## - SUBJECT ADDED ENTRY--TOPICAL TERM
Topical term or geographic name entry element BILLBOARDS
650 ## - SUBJECT ADDED ENTRY--TOPICAL TERM
Topical term or geographic name entry element UNITED STATES
650 ## - SUBJECT ADDED ENTRY--TOPICAL TERM
Topical term or geographic name entry element VALUATION METHODS
650 ## - SUBJECT ADDED ENTRY--TOPICAL TERM
Topical term or geographic name entry element EASEMENTS
650 ## - SUBJECT ADDED ENTRY--TOPICAL TERM
Topical term or geographic name entry element LEASES
650 ## - SUBJECT ADDED ENTRY--TOPICAL TERM
Topical term or geographic name entry element REAL ESTATE
650 ## - SUBJECT ADDED ENTRY--TOPICAL TERM
Topical term or geographic name entry element REGULATIONS
690 ## - LOCAL SUBJECT ADDED ENTRY--TOPICAL TERM (OCLC, RLIN)
Topical term or geographic name as entry element RATING AND VALUATION
700 ## - ADDED ENTRY--PERSONAL NAME
Personal name Oehlrich, D.P.
942 ## - ADDED ENTRY ELEMENTS (KOHA)
Suppress in OPAC 0
Holdings
Withdrawn status Lost status Source of classification or shelving scheme Damaged status Not for loan Home library Current library Shelving location Date acquired Total Checkouts Full call number Barcode Date last seen Copy number Price effective from Koha item type
    Dewey Decimal Classification     London London Journal article 01/12/1999   ABS61614 102968-1001 06/08/2019 1 06/08/2019 Journal article